000 00544nam a2200157 4500
999 _c80452
_d80452
008 201207b ||||| |||| 00| 0 eng d
040 _bger
_cSTAFF
_erda
_aISIL EINTRAGEN
041 _ager
100 _aMückler, Jörg:
245 _aWiegen der Motorluftfahrt - Johannisthal und Döberitz/
_cJörg Mückler
773 _dBerlin: Die Mark Brandenburg - Verlag für Regional- und Zeitgeschichte
_g(2020) Heft 116, S. 20-24: zahlr. Abb.
_tDie Mark Brandenburg
942 _cA